[Event "zonal 1.2"]
[Site "Pula CRO"]
[Date "2000.04.15"]
[Round "5"]
[White "Ekstrom, Roland"]
[Black "Pelletier, Yannick"]
[Result "1/2-1/2"]
[WhiteElo "2498"]
[BlackElo "2478"]
[EventDate "2000.04.11"]
[PlyCount "93"]

1.d4 d5 2.c4 c6 3.Nc3 Nf6 4.Nf3 dxc4 5.a4 Bf5 6.Nh4 e6 7.Nxf5 exf5 8.Bg5 
Bb4 9.e3 h6 10.Bxf6 Qxf6 11.Bxc4 a5 12.O-O O-O 13.Qh5 Qg5 14.Qf3 Nd7 15.
Rfd1 Rad8 16.g3 g6 17.h4 Qe7 18.h5 Kg7 19.Kg2 Nf6 20.hxg6 fxg6 21.Ne2 Bd6 
22.Nf4 Bxf4 23.Qxf4 Qe4+ 24.Qxe4 fxe4 25.Rac1 Ne8 26.Bb3 Rf5 27.Be6 Rf6 
28.Bh3 Rd5 29.Rc5 Rfd6 30.Rdc1 Rxc5 31.Rxc5 Rd5 32.Bc8 Rxc5 33.dxc5 Nc7 
34.Bxb7 Ne6 35.Bxc6 Nxc5 36.Kf1 h5 37.Ke2 g5 38.Be8 h4 39.gxh4 gxh4 40.Bc6
Kf6 41.Kf1 h3 42.Kg1 Kg5 43.f3 exf3 44.Bxf3 Nxa4 45.Kh2 Nxb2 46.Kxh3 Nc4 
47.Bc6 1/2-1/2

[Event "zonal 1.2"]
[Site "Pula CRO"]
[Date "2000.04.15"]
[Round "5"]
[White "Dizdarevic, Emir"]
[Black "Feletar, Darko"]
[Result "1-0"]
[WhiteElo "2520"]
[BlackElo "2410"]
[EventDate "2000.04.11"]
[PlyCount "53"]

1.Nf3 Nf6 2.g3 e6 3.Bg2 d5 4.O-O Be7 5.d3 c5 6.Nbd2 Nc6 7.e4 b6 8.Re1 Bb7 
9.c3 Qc7 10.Nf1 dxe4 11.dxe4 Rd8 12.Qa4 O-O 13.e5 Nd7 14.Bf4 a6 15.Qc2 h6 
16.h4 c4 17.Ne3 Na5 18.b4 cxb3 19.axb3 Bxf3 20.Bxf3 g5 21.hxg5 hxg5 22.Kg2
Rfe8 23.Rh1 Nf8 24.Rh5 gxf4 25.Rah1 f5 26.Nxf5 exf5 27.Qxf5 1-0

[Event "zonal 1.2"]
[Site "Pula CRO"]
[Date "2000.04.15"]
[Round "5"]
[White "Weinzettl, Ernst"]
[Black "Nedev, Trajce"]
[Result "0-1"]
[WhiteElo "2402"]
[BlackElo "2483"]
[EventDate "2000.04.11"]
[PlyCount "38"]

1.Nf3 Nf6 2.d4 g6 3.Nc3 Bg7 4.e4 d6 5.Be3 c6 6.Qd2 b5 7.Bd3 Nbd7 8.e5 dxe5
9.dxe5 Ng4 10.Be4 b4 11.Ne2 Ndxe5 12.Qxd8+ Kxd8 13.O-O-O+ Kc7 14.Bc5 Nd7 
15.Bxe7 Nxf2 16.Bd6+ Kb6 17.Bd3 Re8 18.Ned4 c5 19.Nb5 Nxd3+ 0-1

[Event "zonal 1.2"]
[Site "Pula CRO"]
[Date "2000.04.15"]
[Round "5"]
[White "Golubovic, Boris"]
[Black "Kutuzovic, Branko"]
[Result "1/2-1/2"]
[WhiteElo "2449"]
[BlackElo "2432"]
[EventDate "2000.04.11"]
[PlyCount "36"]

1.c4 c5 2.Nc3 Nc6 3.g3 g6 4.Bg2 Bg7 5.Nf3 Nf6 6.d4 cxd4 7.Nxd4 O-O 8.O-O 
Nxd4 9.Qxd4 d6 10.Qd3 a6 11.Bd2 Nd7 12.b3 Rb8 13.a4 Nc5 14.Qc2 a5 15.Rad1 
Bf5 16.e4 Bg4 17.Rc1 Bd7 18.h3 Bc6 1/2-1/2

[Event "zonal 1.2"]
[Site "Pula CRO"]
[Date "2000.04.15"]
[Round "5"]
[White "Stanec, Nikolaus"]
[Black "Jakubovic, Nedzad"]
[Result "1/2-1/2"]
[WhiteElo "2479"]
[BlackElo "2368"]
[EventDate "2000.04.11"]
[PlyCount "63"]

1.d4 Nf6 2.c4 g6 3.Nc3 Bg7 4.e4 d6 5.Be2 O-O 6.Nf3 e5 7.O-O Nc6 8.d5 Ne7 
9.b4 Nd7 10.a4 h6 11.Ba3 f5 12.Nd2 Nf6 13.c5 g5 14.b5 fxe4 15.Ndxe4 Nf5 
16.Rc1 dxc5 17.Nxc5 Nd4 18.Bc4 Re8 19.d6+ Kh8 20.dxc7 Qxc7 21.N3e4 Bf5 22.
Bd3 Qe7 23.Nxf6 Bxf6 24.Bxf5 Nxf5 25.Ne4 Qxa3 26.Nxf6 Re6 27.Ne4 Nd4 28.
Nc5 Qxc1 29.Qxc1 Ne2+ 30.Kh1 Nxc1 31.Nxe6 Nd3 32.Kg1 1/2-1/2

[Event "zonal 1.2"]
[Site "Pula CRO"]
[Date "2000.04.15"]
[Round "5"]
[White "Grosar, Aljosa"]
[Black "Bosnjak, Damir"]
[Result "0-1"]
[WhiteElo "2449"]
[BlackElo "2000"]
[EventDate "2000.04.11"]
[PlyCount "122"]

1.e4 d6 2.d4 Nf6 3.Nc3 e5 4.Nf3 Nbd7 5.Bc4 Be7 6.Ng5 O-O 7.Bxf7+ Rxf7 8.
Ne6 Qe8 9.Nxc7 Qd8 10.Nxa8 b6 11.dxe5 Nxe5 12.Bg5 Bb7 13.Bxf6 Bxf6 14.Nxb6
Qxb6 15.O-O Bh4 16.g3 Nf3+ 17.Kh1 Bg5 18.Nd5 Qd8 19.Qd3 Qd7 20.Rg1 Nxg1 
21.Kxg1 Qg4 22.Re1 h5 23.Kg2 h4 24.h3 Qe6 25.f4 Bd8 26.c4 hxg3 27.Qxg3 Qh6
28.Rf1 Bh4 29.Qg4 Bxd5 30.cxd5 Qf6 31.Kf3 g5 32.Ke3 Qxb2 33.Qc8+ Kg7 34.f5
g4 35.f6+ Bxf6 36.Qxg4+ Kf8 37.Qc8+ Kg7 38.Qg4+ Kf8 39.Qc8+ Kg7 40.Qg4+ 
Kh6 41.Qe6 Qd4+ 42.Ke2 Qb2+ 43.Ke3 Qa3+ 44.Ke2 Qxa2+ 45.Ke1 Qb1+ 46.Ke2 
Qc2+ 47.Ke1 Qc3+ 48.Ke2 Qc2+ 49.Ke1 Qb1+ 50.Ke2 Qb5+ 51.Ke1 Qa5+ 52.Ke2 
Qa6+ 53.Ke1 Kg7 54.Rf5 Bh4+ 55.Kd2 Qa2+ 56.Ke3 Qb3+ 57.Ke2 Qc2+ 58.Ke3 
Qc3+ 59.Ke2 Rb7 60.Rf7+ Rxf7 61.Qg4+ Kf8 0-1

[Event "zonal 1.2"]
[Site "Pula CRO"]
[Date "2000.04.16"]
[Round "6"]
[White "Sutovsky, Emil"]
[Black "Hickl, Jorg"]
[Result "1/2-1/2"]
[WhiteElo "2586"]
[BlackElo "2556"]
[EventDate "2000.04.11"]
[PlyCount "83"]

1.e4 g6 2.d4 Bg7 3.Nc3 d6 4.Bg5 Nd7 5.Qd2 a6 6.Nf3 h6 7.Be3 e6 8.a4 Ne7 9.
a5 d5 10.Bd3 dxe4 11.Nxe4 Nd5 12.O-O Nxe3 13.Qxe3 O-O 14.Qf4 b5 15.Ne5 Bb7
16.Nxd7 Qxd7 17.Nc5 Qc8 18.Be4 Bxe4 19.Qxe4 Rd8 20.c3 Bf8 21.Rfd1 Rd5 22.
Nd3 Qe8 23.Nf4 Rd6 24.Nd3 Rad8 25.Nc5 Qc6 26.Qxc6 Rxc6 27.b4 Kg7 28.f4 Ra8
29.Re1 Rd6 30.Re5 Rd5 31.Rxd5 exd5 32.Re1 Bxc5 33.dxc5 Kf6 34.g4 Rd8 35.
g5+ hxg5 36.fxg5+ Kxg5 37.Re7 d4 38.cxd4 Rxd4 39.Rxc7 Rxb4 40.Rxf7 Ra4 41.
Rf8 Ra2 42.Ra8 1/2-1/2

[Event "zonal 1.2"]
[Site "Pula CRO"]
[Date "2000.04.16"]
[Round "6"]
[White "Gallagher, Joseph"]
[Black "Dizdarevic, Emir"]
[Result "0-1"]
[WhiteElo "2558"]
[BlackElo "2520"]
[EventDate "2000.04.11"]
[PlyCount "118"]

1.e4 c6 2.d4 d5 3.e5 Bf5 4.Nc3 Qb6 5.Nf3 e6 6.Be2 h6 7.O-O Nd7 8.Na4 Qc7 
9.b3 Ne7 10.c4 g5 11.Be3 Bg7 12.Rc1 f6 13.Nc3 O-O 14.exf6 Bxf6 15.b4 a6 
16.Qb3 Qd6 17.a4 Rf7 18.Nd2 g4 19.Rfd1 h5 20.Bf1 Bg6 21.Ne2 Nf5 22.b5 axb5
23.cxb5 Nxe3 24.fxe3 c5 25.Nf4 Bf5 26.Nxh5 c4 27.Nxc4 dxc4 28.Bxc4 Nb6 29.
Rf1 Nxc4 30.Nxf6+ Rxf6 31.Qxc4 Rf7 32.Qb3 Qd5 33.Qxd5 exd5 34.Rc5 Be4 35.
Rxf7 Kxf7 36.Rc7+ Kf6 37.Kf2 Rxa4 38.Kg3 Ra2 39.Kxg4 Rxg2+ 40.Kf4 Rxh2 41.
Rxb7 Rf2+ 42.Kg4 Ke6 43.Rc7 Rb2 44.Rc6+ Kd7 45.Rb6 Kc7 46.Rc6+ Kb7 47.Kf4 
Rxb5 48.Rc3 Kb6 49.Ke5 Rb1 50.Kd6 Kb7 51.Rc7+ Kb8 52.Rc3 Rb6+ 53.Kc5 Kc7 
54.Ra3 Rc6+ 55.Kb5 Rc2 56.Kb4 Kd7 57.Ra6 Rc6 58.Ra1 Ke6 59.Rf1 Rc2 0-1

[Event "zonal 1.2"]
[Site "Pula CRO"]
[Date "2000.04.16"]
[Round "6"]
[White "Smirin, Ilia"]
[Black "Weinzettl, Ernst"]
[Result "1-0"]
[WhiteElo "2665"]
[BlackElo "2402"]
[EventDate "2000.04.11"]
[PlyCount "61"]

1.e4 e6 2.d4 d5 3.Nd2 c5 4.Ngf3 Nf6 5.e5 Nfd7 6.c3 b6 7.Bb5 Be7 8.O-O Ba6 
9.a4 Bxb5 10.axb5 Nf8 11.c4 Ng6 12.dxc5 bxc5 13.Nb3 O-O 14.Qe2 dxc4 15.Rd1
Nd7 16.Na5 Qc7 17.Nc6 Nb6 18.Ra6 Rfe8 19.Bd2 Bf8 20.Rda1 Ne7 21.Nxa7 Reb8 
22.Qe4 Ned5 23.h4 Qd7 24.Kh2 f5 25.exf6 Nxf6 26.Qc6 Bd6+ 27.Kg1 Bc7 28.Bc3
Nfd5 29.Ng5 Nxc3 30.bxc3 Qxc6 31.bxc6 1-0

[Event "zonal 1.2"]
[Site "Pula CRO"]
[Date "2000.04.16"]
[Round "6"]
[White "Hulak, Krunoslav"]
[Black "Gabriel, Christian"]
[Result "1/2-1/2"]
[WhiteElo "2495"]
[BlackElo "2564"]
[EventDate "2000.04.11"]
[PlyCount "43"]

1.g3 g6 2.Bg2 Bg7 3.d3 d6 4.c4 Nf6 5.Nc3 O-O 6.Bg5 h6 7.Bd2 e5 8.b4 c6 9.
e4 Na6 10.Rb1 Nc7 11.Nge2 d5 12.cxd5 cxd5 13.exd5 Nfxd5 14.O-O Be6 15.Qc1 
Kh7 16.Rd1 Bg4 17.Re1 Rc8 18.Nxd5 Nxd5 19.Qa3 Rc2 20.Rb2 Rxb2 21.Qxb2 Qd6 
22.Qb3 1/2-1/2

[Event "zonal 1.2"]
[Site "Pula CRO"]
[Date "2000.04.16"]
[Round "6"]
[White "Zaja, Ivan"]
[Black "Huzman, Alexander"]
[Result "1/2-1/2"]
[WhiteElo "2452"]
[BlackElo "2574"]
[EventDate "2000.04.11"]
[PlyCount "21"]

1.d4 Nf6 2.c4 g6 3.Nc3 d5 4.cxd5 Nxd5 5.e4 Nxc3 6.bxc3 Bg7 7.Nf3 c5 8.Rb1 
O-O 9.Be2 cxd4 10.cxd4 Qa5+ 11.Qd2 1/2-1/2

[Event "zonal 1.2"]
[Site "Pula CRO"]
[Date "2000.04.16"]
[Round "6"]
[White "Nedev, Trajce"]
[Black "Ekstrom, Roland"]
[Result "1-0"]
[WhiteElo "2483"]
[BlackElo "2498"]
[EventDate "2000.04.11"]
[PlyCount "59"]

1.e4 c5 2.Nf3 Nc6 3.Bb5 d6 4.O-O Bd7 5.c3 Nf6 6.Re1 a6 7.Ba4 b5 8.Bc2 e5 
9.h3 Be7 10.d4 exd4 11.cxd4 Nb4 12.e5 dxe5 13.dxe5 Nxc2 14.exf6 Nxe1 15.
fxe7 Nxf3+ 16.Qxf3 Kxe7 17.Nc3 Be6 18.Bf4 Qb6 19.Re1 Rhd8 20.Qxa8 Rxa8 21.
Nd5+ Ke8 22.Nxb6 Rd8 23.a3 h6 24.Kf1 Rd3 25.Be5 g6 26.Ke2 c4 27.Rd1 Rxd1 
28.Kxd1 Ke7 29.Kd2 f6 30.Bc7 1-0

[Event "zonal 1.2"]
[Site "Pula CRO"]
[Date "2000.04.16"]
[Round "6"]
[White "Pelletier, Yannick"]
[Black "Forster, Richard"]
[Result "1-0"]
[WhiteElo "2478"]
[BlackElo "2462"]
[EventDate "2000.04.11"]
[PlyCount "109"]

1.d4 Nf6 2.c4 g6 3.Nc3 Bg7 4.e4 d6 5.Be2 O-O 6.Nf3 e5 7.O-O Nc6 8.d5 Ne7 
9.b4 Nh5 10.Re1 h6 11.Nd2 Nf4 12.c5 Nxe2+ 13.Qxe2 f5 14.f3 h5 15.Nc4 f4 
16.a4 g5 17.Nb5 Rf6 18.Ba3 g4 19.Nxc7 Qxc7 20.cxd6 Rxd6 21.Nxd6 Qxd6 22.b5
Qf6 23.Rac1 Ng6 24.Rc3 Nh4 25.Rec1 Bd7 26.Kh1 Bf8 27.d6 Rd8 28.Rc7 Bxd6 
29.Bxd6 Qxd6 30.Qd1 Be6 31.Qe1 gxf3 32.Qxh4 Qd1+ 33.Qe1 Qxe1+ 34.Rxe1 f2 
35.Rf1 Rd2 36.h3 Bb3 37.Kh2 Bxa4 38.Rxb7 h4 39.Rc1 Bc2 40.Rxa7 Rd1 41.Rxd1
Bxd1 42.b6 f1=Q 43.b7 Qb5 44.Ra8+ Kg7 45.b8=Q Qxb8 46.Rxb8 Bc2 47.Rb4 Kf6 
48.Kg1 Kg6 49.Kf2 Bd1 50.Rb6+ Kf7 51.Rd6 Bc2 52.Kf3 Ke7 53.Rd2 Bb1 54.Re2 
Kd6 55.Rb2 1-0

[Event "zonal 1.2"]
[Site "Pula CRO"]
[Date "2000.04.16"]
[Round "6"]
[White "Feletar, Darko"]
[Black "Stanec, Nikolaus"]
[Result "1/2-1/2"]
[WhiteElo "2410"]
[BlackElo "2479"]
[EventDate "2000.04.11"]
[PlyCount "61"]

1.d4 Nf6 2.Nf3 g6 3.Nc3 Bg7 4.e4 d6 5.Be2 O-O 6.O-O c6 7.h3 Qc7 8.e5 Nd5 
9.Nxd5 cxd5 10.Bf4 Nd7 11.exd6 exd6 12.c3 Nf6 13.Qb3 Re8 14.Bb5 Bd7 15.
Bxd7 Qxd7 16.Bg5 Qc6 17.Bxf6 Bxf6 18.Ne1 Qc4 19.Qd1 Re2 20.Nd3 Rae8 21.Re1
Rxe1+ 22.Nxe1 Bg5 23.Nd3 Re4 24.Qf3 a5 25.a3 Qb3 26.Kf1 h5 27.Re1 Bd2 28.
Ra1 Bh6 29.Qd1 Qc4 30.Qf3 Qb3 31.Qd1 1/2-1/2

[Event "zonal 1.2"]
[Site "Pula CRO"]
[Date "2000.04.16"]
[Round "6"]
[White "Kutuzovic, Branko"]
[Black "Grosar, Aljosa"]
[Result "1/2-1/2"]
[WhiteElo "2432"]
[BlackElo "2449"]
[EventDate "2000.04.11"]
[PlyCount "66"]

1.e4 c5 2.Nf3 d6 3.d4 cxd4 4.Nxd4 Nf6 5.Nc3 Nc6 6.Bg5 Bd7 7.Qd2 Rc8 8.
O-O-O Nxd4 9.Qxd4 Qa5 10.Bd2 a6 11.Kb1 Qc5 12.Qxc5 Rxc5 13.f3 e6 14.Bf4 
Rc6 15.Be2 Be7 16.Rd2 e5 17.Bg5 Be6 18.Rhd1 Nd7 19.Be3 Nf6 20.g3 O-O 21.
Nd5 Bxd5 22.exd5 Rc7 23.c4 Nd7 24.b4 b6 25.Kb2 Ra8 26.a3 a5 27.bxa5 Rxa5 
28.Ka2 Rca7 29.Rd3 Nc5 30.Bxc5 Rxc5 31.Rb3 Rca5 32.Rdd3 Bd8 33.Rb5 Kf8 
1/2-1/2

[Event "zonal 1.2"]
[Site "Pula CRO"]
[Date "2000.04.16"]
[Round "6"]
[White "Jakubovic, Nedzad"]
[Black "Mohr, Georg"]
[Result "0-1"]
[WhiteElo "2368"]
[BlackElo "2488"]
[EventDate "2000.04.11"]
[PlyCount "80"]

1.e4 g6 2.d4 Bg7 3.Nc3 c6 4.Nf3 d5 5.e5 Bg4 6.h3 Bxf3 7.Qxf3 e6 8.Nd1 c5 
9.Qb3 Nc6 10.c3 Qc7 11.Be3 Nge7 12.g4 O-O 13.f4 f6 14.Be2 fxe5 15.fxe5 Rf7
16.Rc1 Raf8 17.Rc2 a6 18.Kd2 b5 19.Qa3 c4 20.b4 a5 21.bxa5 Ra8 22.Rf1 Rxa5
23.Qb2 Nc8 24.Rxf7 Qxf7 25.Qb1 Nb6 26.Rb2 Na7 27.Nf2 Na4 28.Rc2 g5 29.h4 
Nc6 30.a3 Bf8 31.Ra2 Nxc3 32.Kxc3 Bxa3 33.Kd2 b4 34.Nh3 b3 35.Ra1 Qa7 36.
Kd1 Nxd4 37.Nxg5 c3 38.Qd3 c2+ 39.Ke1 b2 40.Rb1 c1=Q+ 0-1

[Event "zonal 1.2"]
[Site "Pula CRO"]
[Date "2000.04.16"]
[Round "6"]
[White "Bosnjak, Damir"]
[Black "Golubovic, Boris"]
[Result "1-0"]
[WhiteElo "2000"]
[BlackElo "2449"]
[EventDate "2000.04.11"]
[PlyCount "71"]

1.e4 c5 2.Nf3 d6 3.d4 cxd4 4.Nxd4 Nf6 5.Nc3 a6 6.Be3 e5 7.Nb3 Be6 8.Qd2 
Nbd7 9.O-O-O Be7 10.f3 h5 11.Kb1 Rc8 12.h4 b5 13.Bg5 Nb6 14.Bxf6 gxf6 15.
f4 b4 16.Nd5 Nxd5 17.exd5 Bf5 18.Rc1 Qb6 19.Bd3 e4 20.Nd4 Bg6 21.Rhe1 f5 
22.Bxe4 fxe4 23.f5 Rc4 24.Rxe4 Rxd4 25.Rxd4 Bxf5 26.Rxb4 Qc7 27.Qf4 Bg6 
28.Rc4 Qd7 29.Re1 O-O 30.g4 Bxh4 31.Rh1 Qe7 32.gxh5 Bg5 33.Qg4 Bh7 34.Rc7 
Qe5 35.Rg1 f6 36.Qd7 1-0

[Event "zonal 1.2"]
[Site "Pula CRO"]
[Date "2000.04.18"]
[Round "7"]
[White "Hickl, Jorg"]
[Black "Avrukh, Boris"]
[Result "1-0"]
[WhiteElo "2556"]
[BlackElo "2620"]
[EventDate "2000.04.11"]
[PlyCount "145"]

1.g3 g6 2.Bg2 Bg7 3.c4 e5 4.Nc3 Ne7 5.Nf3 f5 6.d3 O-O 7.O-O h6 8.Rb1 d6 9.
Qc2 Nd7 10.b4 Nf6 11.Bb2 g5 12.b5 f4 13.Nd2 Nf5 14.Nd5 fxg3 15.hxg3 Ng4 
16.c5 Be6 17.cxd6 cxd6 18.Nc7 Rc8 19.Nxe6 Rxc2 20.Nxd8 Rxd8 21.Nb3 Rf8 22.
Bxb7 Rxe2 23.Bf3 Rxb2 24.Rxb2 e4 25.dxe4 Bxb2 26.exf5 h5 27.Rd1 Rxf5 28.
Bxg4 hxg4 29.Rxd6 Rxb5 30.Rd8+ Kf7 31.Rd7+ Kg6 32.Rxa7 Bc3 33.Rc7 Bf6 34.
Rc4 Kh5 35.Kf1 Bd8 36.Rc8 Bf6 37.Rc6 Bd8 38.Rd6 Bb6 39.Rd2 Kg6 40.Rc2 Rb4 
41.Ke2 Re4+ 42.Kf1 Rb4 43.Nd2 Kf5 44.Ke2 Ra4 45.Nc4 Ba7 46.Kd3 Rb4 47.Re2 
Kf6 48.Kc3 Rb1 49.Ne3 Ke5 50.Nc2+ Kd6 51.Nb4 Rc1+ 52.Kb2 Rf1 53.Nd3 Kd5 
54.Kc2 Bd4 55.Re8 Ra1 56.Ra8 Ke4 57.Ra4 Rf1 58.Kd2 Rb1 59.Ke2 Rb5 60.Ra8 
Rb1 61.Ra5 Ra1 62.Ra4 Rb1 63.Rb4 Rh1 64.Nc5+ Kd5 65.Nb3 Bf6 66.Rxg4 Rb1 
67.Ra4 Rb2+ 68.Ke3 Bc3 69.f4 g4 70.f5 Ke5 71.Kd3 Rg2 72.Kxc3 Rxg3+ 73.Kd2 
1-0

[Event "zonal 1.2"]
[Site "Pula CRO"]
[Date "2000.04.18"]
[Round "7"]
[White "Palac, Mladen"]
[Black "Sutovsky, Emil"]
[Result "0-1"]
[WhiteElo "2571"]
[BlackElo "2586"]
[EventDate "2000.04.11"]
[PlyCount "54"]

1.e4 c5 2.Nf3 d6 3.d4 cxd4 4.Nxd4 Nf6 5.Nc3 a6 6.Be2 e5 7.Nb3 Be7 8.O-O 
O-O 9.Kh1 Nc6 10.f3 b5 11.Nd5 Nxd5 12.exd5 Na5 13.Bd2 Nc4 14.Bxc4 bxc4 15.
Na5 Bd7 16.b3 Bf6 17.bxc4 e4 18.Rb1 e3 19.Bb4 Re8 20.Re1 Rb8 21.a3 e2 22.
Qd3 Qb6 23.Nb3 a5 24.Nxa5 Qf2 25.Nc6 Rb6 26.c3 Re3 27.Qd2 Bxc3 0-1

[Event "zonal 1.2"]
[Site "Pula CRO"]
[Date "2000.04.18"]
[Round "7"]
[White "Mitkov, Nikola"]
[Black "Lutz, Christopher"]
[Result "1/2-1/2"]
[WhiteElo "2547"]
[BlackElo "2587"]
[EventDate "2000.04.11"]
[PlyCount "89"]

1.e4 c5 2.Nc3 Nc6 3.Nge2 g6 4.d4 cxd4 5.Nxd4 Bg7 6.Be3 Nf6 7.Bc4 O-O 8.Bb3
d6 9.h3 Na5 10.O-O b6 11.Qd3 Nxb3 12.axb3 Bb7 13.Rfe1 Re8 14.Nf3 Qc7 15.
Nd2 Qc6 16.b4 d5 17.b5 Qd6 18.exd5 Nxd5 19.Nxd5 Qxd5 20.Qxd5 Bxd5 21.c3 
Be6 22.Ra3 Bd7 23.Rea1 Bxb5 24.Rxa7 Rab8 25.Rc7 Be5 26.Rca7 Bd3 27.Nf3 Bd6
28.Nd4 e5 29.Nf3 Bc4 30.Rd1 Bf8 31.Rdd7 h6 32.Nd2 Be6 33.Rdb7 b5 34.Ne4 
Kg7 35.Rxb8 Rxb8 36.Bc5 Rd8 37.Bxf8+ Kxf8 38.Nc5 Rd1+ 39.Kh2 Rd2 40.Nxe6+ 
fxe6 41.b4 Rxf2 42.Rb7 Rc2 43.Rxb5 Rxc3 44.Rxe5 Ke7 45.Rb5 1/2-1/2

[Event "zonal 1.2"]
[Site "Pula CRO"]
[Date "2000.04.18"]
[Round "7"]
[White "Hertneck, Gerald"]
[Black "Sermek, Drazen"]
[Result "1/2-1/2"]
[WhiteElo "2571"]
[BlackElo "2517"]
[EventDate "2000.04.11"]
[PlyCount "83"]

1.d4 d5 2.c4 dxc4 3.e3 c5 4.Bxc4 e6 5.Nf3 Nf6 6.O-O Nc6 7.Qe2 cxd4 8.Rd1 
Be7 9.exd4 O-O 10.Nc3 Na5 11.Bd3 b6 12.Bg5 Bb7 13.Bxf6 Bxf6 14.Be4 Rc8 15.
Bxb7 Nxb7 16.Rac1 Nd6 17.Ne5 Qc7 18.Qa6 Bg5 19.Rb1 Bf6 20.Ng4 Bg5 21.g3 h5
22.Ne5 Rfd8 23.f4 Bf6 24.Rbc1 Bxe5 25.fxe5 Nf5 26.Ne2 Qd7 27.Rxc8 Qxc8 28.
Qxc8 Rxc8 29.Rd2 Ne3 30.Kf2 Nd5 31.Kf3 Kf8 32.Nc3 Ke7 33.Rd3 Nb4 34.Rd1 
Nd5 35.Rc1 Kd7 36.Ke4 f5+ 37.exf6 gxf6 38.Kd3 f5 39.Rf1 Kd6 40.Nb5+ Kd7 
41.Nc3 Kd6 42.Nb5+ 1/2-1/2

[Event "zonal 1.2"]
[Site "Pula CRO"]
[Date "2000.04.18"]
[Round "7"]
[White "Huzman, Alexander"]
[Black "Nedev, Trajce"]
[Result "1/2-1/2"]
[WhiteElo "2574"]
[BlackElo "2483"]
[EventDate "2000.04.11"]
[PlyCount "66"]

1.Nf3 Nf6 2.c4 g6 3.Nc3 Bg7 4.e4 d6 5.d4 O-O 6.Be2 e5 7.Be3 exd4 8.Nxd4 
Nc6 9.Nc2 Be6 10.f3 Nd7 11.Qd2 f5 12.O-O-O a6 13.exf5 Bxf5 14.Nd5 b5 15.
Nd4 Nxd4 16.Bxd4 Ne5 17.c5 Be6 18.Nc3 dxc5 19.Bxc5 Qxd2+ 20.Kxd2 Rfe8 21.
Kc2 Bf5+ 22.Kb3 Nd7 23.Bd4 Bxd4 24.Rxd4 Nc5+ 25.Ka3 Re3 26.Rc1 Ne6 27.Rd2 
c5 28.b4 a5 29.Kb2 Nf4 30.Bxb5 axb4 31.Bc4+ Be6 32.Bxe6+ Nxe6 33.Ne4 Rea3 
1/2-1/2

[Event "zonal 1.2"]
[Site "Pula CRO"]
[Date "2000.04.18"]
[Round "7"]
[White "Dizdarevic, Emir"]
[Black "Hulak, Krunoslav"]
[Result "1/2-1/2"]
[WhiteElo "2520"]
[BlackElo "2495"]
[EventDate "2000.04.11"]
[PlyCount "20"]

1.c4 c5 2.Nf3 Nf6 3.Nc3 Nc6 4.e3 e6 5.d4 cxd4 6.exd4 d5 7.cxd5 Nxd5 8.Bd3 
Be7 9.O-O O-O 10.Be4 Nf6 1/2-1/2

[Event "zonal 1.2"]
[Site "Pula CRO"]
[Date "2000.04.18"]
[Round "7"]
[White "Kurajica, Bojan"]
[Black "Zaja, Ivan"]
[Result "1/2-1/2"]
[WhiteElo "2530"]
[BlackElo "2452"]
[EventDate "2000.04.11"]
[PlyCount "58"]

1.c4 Nf6 2.g3 c6 3.Bg2 d5 4.Qc2 e5 5.d3 Bb4+ 6.Bd2 Bxd2+ 7.Nxd2 O-O 8.h3 
Re8 9.a3 Bf5 10.e4 dxe4 11.dxe4 Be6 12.Ngf3 Nfd7 13.b4 a5 14.O-O Na6 15.
Qc3 f6 16.c5 axb4 17.axb4 b6 18.cxb6 Qxb6 19.Rfb1 Nc7 20.Nc4 Rxa1 21.Rxa1 
Nb5 22.Qc1 Qc7 23.Na5 c5 24.Bf1 Nd6 25.Nd2 Rb8 26.bxc5 Qxc5 27.Nc6 Qxc1 
28.Rxc1 Rb2 29.Nc4 Nxc4 1/2-1/2

[Event "zonal 1.2"]
[Site "Pula CRO"]
[Date "2000.04.18"]
[Round "7"]
[White "Feletar, Darko"]
[Black "Gallagher, Joseph"]
[Result "0-1"]
[WhiteElo "2410"]
[BlackElo "2558"]
[EventDate "2000.04.11"]
[PlyCount "70"]

1.d4 Nf6 2.c4 g6 3.Nc3 Bg7 4.e4 d6 5.Bd3 O-O 6.Nge2 Nc6 7.O-O Nh5 8.Bc2 e5
9.d5 Ne7 10.Rb1 f5 11.exf5 gxf5 12.f4 Ng6 13.fxe5 dxe5 14.c5 Kh8 15.b4 f4 
16.Ne4 Bg4 17.Rb3 Nh4 18.Rf2 f3 19.gxf3 Nxf3+ 20.Rbxf3 Rxf3 21.Rg2 Bh3 22.
Ng5 Bxg2 23.Kxg2 Nf4+ 24.Bxf4 Rxf4 25.h4 Rg4+ 26.Ng3 Rxg5 27.hxg5 Qxg5 28.
Qd3 Qh4 29.d6 cxd6 30.cxd6 Bf6 31.Bb3 Rd8 32.b5 Qg4 33.Kh2 e4 34.Nxe4 Be5+
35.Kh1 Rf8 0-1

[Event "zonal 1.2"]
[Site "Pula CRO"]
[Date "2000.04.18"]
[Round "7"]
[White "Mohr, Georg"]
[Black "Pelletier, Yannick"]
[Result "1/2-1/2"]
[WhiteElo "2488"]
[BlackElo "2478"]
[EventDate "2000.04.11"]
[PlyCount "53"]

1.Nf3 Nf6 2.c4 e6 3.g3 a6 4.Bg2 b5 5.b3 Bb7 6.O-O c5 7.Na3 bxc4 8.Nxc4 Be7
9.Bb2 O-O 10.Rc1 d6 11.d4 Nbd7 12.dxc5 Nxc5 13.b4 Nce4 14.Na5 Qb8 15.Nd4 
d5 16.Ndc6 Bxc6 17.Nxc6 Qb7 18.Qd4 Nd6 19.Qf4 Rac8 20.Nxe7+ Qxe7 21.Rxc8 
Rxc8 22.Rc1 Rxc1+ 23.Qxc1 Nc4 24.Bc3 Qc7 25.a3 Qc6 26.Bxf6 gxf6 27.e4 
1/2-1/2

[Event "zonal 1.2"]
[Site "Pula CRO"]
[Date "2000.04.18"]
[Round "7"]
[White "Ekstrom, Roland"]
[Black "Kutuzovic, Branko"]
[Result "1-0"]
[WhiteElo "2498"]
[BlackElo "2432"]
[EventDate "2000.04.11"]
[PlyCount "39"]

1.e4 c5 2.Nf3 e6 3.c3 Nf6 4.e5 Nd5 5.Bc4 d6 6.d4 cxd4 7.cxd4 Nc6 8.O-O Be7
9.exd6 Qxd6 10.Nc3 Nxc3 11.bxc3 O-O 12.Re1 b6 13.Ng5 Na5 14.Bd3 h6 15.Qh5 
f5 16.Nf3 Bf6 17.Ne5 Bb7 18.Qg6 Rac8 19.Bxh6 Rxc3 20.Bxf5 1-0

[Event "zonal 1.2"]
[Site "Pula CRO"]
[Date "2000.04.18"]
[Round "7"]
[White "Grosar, Aljosa"]
[Black "Jakubovic, Nedzad"]
[Result "0-1"]
[WhiteElo "2449"]
[BlackElo "2368"]
[EventDate "2000.04.11"]
[PlyCount "128"]

1.e4 e5 2.Nf3 Nc6 3.Bc4 Bc5 4.c3 Qe7 5.d4 Bb6 6.O-O d6 7.h3 Nf6 8.Re1 h6 
9.a4 a6 10.Na3 O-O 11.Bb3 exd4 12.cxd4 Nxe4 13.Bd5 Bf5 14.Nc4 Rae8 15.Nxb6
cxb6 16.Qb3 Qc7 17.Bf4 Nf6 18.Rec1 Be4 19.Bxe4 Rxe4 20.Be3 Qd8 21.Nd2 Rh4 
22.Nf3 Rh5 23.Bd2 b5 24.Re1 Qd7 25.Bf4 Rd5 26.axb5 Rxb5 27.Qa3 Rd8 28.Rac1
Nd5 29.Bg3 Rb4 30.Qa2 Rb5 31.Re2 Ncb4 32.Qb1 Nc6 33.Qd3 Nf6 34.Rce1 Qf5 
35.Qa3 Qd5 36.Qd3 Rb3 37.Qd1 Rb4 38.Kh1 a5 39.Bh4 g5 40.Bg3 Kg7 41.Rd2 Ne4
42.Rxe4 Qxe4 43.d5 Ne7 44.Re2 Qxd5 45.Rd2 Qb3 46.Qe1 Nc6 47.Bxd6 Rxd6 48.
Rxd6 Qxb2 49.h4 Qb1 50.Rd1 Qf5 51.hxg5 hxg5 52.Qe3 Rb1 53.Rxb1 Qxb1+ 54.
Kh2 Qh7+ 55.Kg1 Qb1+ 56.Kh2 Qf5 57.g3 f6 58.Qb3 b5 59.Kg1 a4 60.Qc3 Qd5 
61.Nh2 b4 62.Qa1 a3 63.Ng4 Qd4 64.Qc1 a2 0-1

[Event "zonal 1.2"]
[Site "Pula CRO"]
[Date "2000.04.18"]
[Round "7"]
[White "Forster, Richard"]
[Black "Bosnjak, Damir"]
[Result "1-0"]
[WhiteElo "2462"]
[BlackElo "2000"]
[EventDate "2000.04.11"]
[PlyCount "57"]

1.e4 d6 2.d4 Nf6 3.Nc3 e5 4.Nge2 c6 5.f3 Be7 6.Be3 Qa5 7.g4 b5 8.Ng3 b4 9.
Nce2 g6 10.g5 Nfd7 11.Qd2 c5 12.dxc5 Nxc5 13.f4 Bb7 14.Bg2 exf4 15.Nxf4 
O-O 16.O-O Qb5 17.Bd4 Nbd7 18.Nfh5 Ne6 19.Nf6+ Bxf6 20.Bxf6 Nxf6 21.gxf6 
Qg5 22.Qxg5 Nxg5 23.Rad1 Ba6 24.Rf2 Rfd8 25.Rfd2 Bc4 26.e5 Rac8 27.exd6 h5
28.Ne4 Nxe4 29.Bxe4 1-0

[Event "zonal 1.2"]
[Site "Pula CRO"]
[Date "2000.04.19"]
[Round "8"]
[White "Beliavsky, Alexander"]
[Black "Hickl, Jorg"]
[Result "1-0"]
[WhiteElo "2640"]
[BlackElo "2556"]
[EventDate "2000.04.11"]
[PlyCount "37"]

1.d4 d6 2.e4 g6 3.Nc3 Bg7 4.f4 a6 5.Nf3 b5 6.Bd3 Bb7 7.e5 Nd7 8.Ng5 Nf8 9.
Qe2 b4 10.Nce4 f5 11.Bb5+ c6 12.Qc4 Kd7 13.Qf7 cxb5 14.Qxg7 Bxe4 15.Nxe4 
fxe4 16.f5 gxf5 17.Qxh8 Ne6 18.d5 Nc7 19.Qxh7 1-0

[Event "zonal 1.2"]
[Site "Pula CRO"]
[Date "2000.04.19"]
[Round "8"]
[White "Avrukh, Boris"]
[Black "Mohr, Georg"]
[Result "1/2-1/2"]
[WhiteElo "2620"]
[BlackElo "2488"]
[EventDate "2000.04.11"]
[PlyCount "102"]

1.d4 Nf6 2.c4 g6 3.Nc3 Bg7 4.e4 d6 5.h3 O-O 6.Bg5 Qe8 7.Bd3 e5 8.d5 Na6 9.
g4 Kh8 10.Nge2 Ng8 11.Ng3 f6 12.Be3 Bh6 13.Bxh6 Nxh6 14.Be2 Qe7 15.Qd2 Kg7
16.O-O-O Bd7 17.Rdg1 Nf7 18.h4 c5 19.Nf1 Nc7 20.g5 fxg5 21.hxg5 Rab8 22.
Qe3 Rh8 23.Bg4 b5 24.Nd2 a6 25.b3 Rbf8 26.Nd1 Na8 27.Qh3 Bxg4 28.Qxg4 Nb6 
29.Ne3 Nd8 30.Nf5+ gxf5 31.exf5 Qd7 32.f6+ Kg8 33.Qe4 Rf7 34.g6 Rxf6 35.g7
Qxg7 36.Rxg7+ Kxg7 37.Qh4 Nf7 38.Ne4 Rh6 39.Qg3+ Rg6 40.Qd3 b4 41.Ng3 Nd7 
42.f4 exf4 43.Nh5+ Kf8 44.Nxf4 Rf6 45.Ne6+ Ke7 46.Qg3 h5 47.Qg7 Ne5 48.Qg3
Rhh6 49.Qh3 Rhg6 50.Rd1 Rf3 51.Qh4+ Ke8 1/2-1/2